| 000 | 00645nam a22001937a 4500 | ||
|---|---|---|---|
| 005 | 20170823114117.0 | ||
| 010 | _aENG-119985 | ||
| 020 |
_a9788192157962 _c350.00 |
||
| 035 | _aEN-103517 | ||
| 037 | _bDBAD/PUB | ||
| 082 | _a371.3 | ||
| 245 |
_aQuality assurance in higher education institutions / _cedited by K. Hanumantha Rao [and] P. Srinivas Subbarao |
||
| 260 |
_aDelhi _bParamount Publishing House _c2011 |
||
| 270 |
_aC/14, D.S.I.D.C Work Centre, Jhilmil Colony, _bDelhi _e100095 |
||
| 300 |
_a176p. _c24cm(pbk) |
||
| 700 | _aRao, K. Hanumantha | ||
| 700 | _aSubbarao, P. Srinivas | ||
| 942 |
_2ddc _cEN _h371.3 _mQUA |
||
| 999 |
_c143690 _d143690 |
||